00683nam a22002177a 450000100060000000300080000600500170001400800410003103500190007204000180009104100080010908200290011710000500014624500580019626000410025430000260029550000200032165100320034165100280037383000640040143136BD-RjUL20211209053643.0160619s1934 ii a 001 0 eng  a(BD-RjUL)43254 aDLCcDLCbeng aeng 223 a330.954 bVIP 1934 1 aVisvesvaraya, M.q(Mokshagundam),d1861-1962.10aPlanned economy for India / cby Sir M. Visvesvaraya. aBangalore :bBangalore Press,c1934. axii, 430 p. ;c21 cm. aIncludes index. 0aIndiaxEconomic conditions. 0aIndiaxEconomic policy. 0aSAMP early 20th-century Indian books project ;vitem 08805.